000 004570000a22001810004500
003 MACL
005 20150704122454.0
008 150704b xxu||||| |||| 00| 0 eng d
040 _aMACL
_cMACL
041 _aEnglish
082 _a300/YAD
100 _aYadav, K.C.
_9530
245 _aIndia's Unequal Citizens
_bA study Of Other Backward Classes
260 _bManohar
_c1994
_aDelhi
350 _a500
650 _aSocial Science
_929
942 _cBK
_k300
_2ddc
999 _c3338
_d3338